000
00336nam a2200145Ia 4500
100
_a
Admiralty
650
_a
Electrical Engineering
942
_c
BK
654
_a
Electrical
245
_a
Examples In Electrical Calculations
260
_b
Standard Publication
_a
Delhi
_c
1977
082
_a
621.3
300
_a
431
546
_a
ENGLISH
999
_c
18663
_d
18663